Southville International School and Colleges
Your cart is empty.
  • Cart
  • Lists
    Public lists Eva Luna New books Lux_list list_1
    Your lists Log in to create your own lists
  • Log in to your account
  • Your cookies
  • Search history
Southville International School and Colleges
  • Advanced search
  • Recent comments
  • Most popular
  • Libraries

Log in to your account

Log in with GOOGLE


If you do not have an external account, but do have a local account, you can still log in:

  1. Home
  2. MARC view: The school leader's guide to special education /
Normal view MARC view ISBD view

The school leader's guide to special education / (Record no. 48639)

[ view plain ]
MARC details
000 -LEADER
fixed length control field 00790nam a2200217Ia 4500
005 - DATE AND TIME OF LATEST TRANSACTION
control field 20141028114325.0
008 - FIXED-LENGTH DATA ELEMENTS--GENERAL INFORMATION
fixed length control field 140321s9999 xx 000 0 und d
020 ## - INTERNATIONAL STANDARD BOOK NUMBER
International Standard Book Number 9781935542810
050 ## - LIBRARY OF CONGRESS CALL NUMBER
Classification number LC 4019.15
Item number .M176 2012
100 ## - MAIN ENTRY--PERSONAL NAME
Personal name Mclaughlin, Margaret J.
245 #4 - TITLE STATEMENT
Title The school leader's guide to special education /
Statement of responsibility, etc Margaret J. Mclaughlin and Krisitin Ruedel.
260 ## - PUBLICATION, DISTRIBUTION, ETC. (IMPRINT)
Place of publication, distribution, etc Indiana :
Name of publisher, distributor, etc Solution Tree Press,
Date of publication, distribution, etc c2012.
300 ## - PHYSICAL DESCRIPTION
Extent 95 p. :
Dimensions 28 cm.
440 ## - SERIES STATEMENT/ADDED ENTRY--TITLE
Title (Essentials for principals).
500 ## - GENERAL NOTE
General note Includes bibliographical references and index.
650 ## - SUBJECT ADDED ENTRY--TOPICAL TERM
Topical term or geographic name as entry element Children with disabilities
General subdivision Education -- United States.
650 ## - SUBJECT ADDED ENTRY--TOPICAL TERM
Topical term or geographic name as entry element School principals
General subdivision United States.
650 ## - SUBJECT ADDED ENTRY--TOPICAL TERM
Topical term or geographic name as entry element Special education
General subdivision United States -- Administration.
942 ## - ADDED ENTRY ELEMENTS (KOHA)
Koha item type Books
Source of classification or shelving scheme Library of Congress Classification

No items available.

The school leader's guide to special education /

APA

Mclaughlin M. J., . (2012). The school leader's guide to special education. Indiana: Solution Tree Press.

Chicago

Mclaughlin Margaret J, . 2012. The school leader's guide to special education. Indiana: Solution Tree Press.

Harvard

Mclaughlin M. J., . (2012). The school leader's guide to special education. Indiana: Solution Tree Press.

MLA

Mclaughlin Margaret J, . The school leader's guide to special education. Indiana: Solution Tree Press. 2012.

  • Print
  • Cite
  • Add to your cart (remove)
  • Save record
    BIBTEX Dublin Core MARCXML MARC (non-Unicode/MARC-8) MARC (Unicode/UTF-8) MARC (Unicode/UTF-8, Standard) MODS (XML) RIS
  • More searches
    Search for this title in:
    Other Libraries (WorldCat) Other Databases (Google Scholar) Online Stores (Bookfinder.com) Open Library (openlibrary.org)

Exporting to Dublin Core...

SOUTHVILLE LIBRARY

Southville International School and Colleges Library

1281 Tropical Ave. Cor. Luxembourg St., BF Homes International, Las Pinas City

Tel. No. 8256374 / 252358 Loc. 117/146

Powered by Koha